| 000 | 00395nam a22001097a 4500 | ||
|---|---|---|---|
| 082 | _aP-511.3 ERR'R | ||
| 100 |
_aRALL, LOUIS B _980322 |
||
| 245 | _aERROR IN DIGITAL COMPUTATION PROCEDING OF AN ADVANCED SEMINAR CONDUCTED BY THE METHEMATICS RESEARCH CENTER AT THE UNIVERSITY OF WISCONSIM MADISON, OCTOBER 5-7, 1964 | ||
| 260 |
_aNEWYORK _bJOHN WILEY _c1965 |
||
| 300 | _aIX, 324P V&I | ||
| 942 | _cBK | ||
| 999 |
_c585274 _d585274 |
||